<?xml version="1.0" encoding="UTF-8"?>
<collection xmlns="http://www.loc.gov/MARC21/slim">
<record>
  <controlfield tag="001">2174</controlfield>
  <controlfield tag="005">20160706145607.0</controlfield>
  <datafield tag="024" ind1="7" ind2=" ">
    <subfield code="2">DOI</subfield>
    <subfield code="a">10.1051/0004-6361/201321178</subfield>
  </datafield>
  <datafield tag="037" ind1=" " ind2=" ">
    <subfield code="a">ASTROimport-331</subfield>
  </datafield>
  <datafield tag="100" ind1=" " ind2=" ">
    <subfield code="a">David, M.</subfield>
  </datafield>
  <datafield tag="260" ind1=" " ind2=" ">
    <subfield code="c">2013</subfield>
  </datafield>
  <datafield tag="520" ind1=" " ind2=" ">
    <subfield code="a">Aims: We exploit nine years of photometry in the ASAS V-band catalogue to develop a method to select in an objective way the best quality data and detect low-amplitude variables. We concentrate on bright stars (V  10) and avoid open cluster stellar densities.  Methods: We use the (probable) members of the Sco-Cen associations as a test sample of bright stars that includes periodic early-type photometric variables as well as young late-type stars with cyclic or irregular variability patterns. We select grade-A observations with consistent photometry in all apertures, amounting to 88 ± 4 per cent of all grade-A data in most cases, and use the aperture with lowest dispersion of magnitudes (excluding one percent of data to avoid sparse surviving outliers) to search for periodicities, cycles and long-term trends. The well-known alias problems, due to the once-per-night observing cadence in the ASAS project, can often be alleviated for the bright stars by use of the Hipparcos satellite photometry.  Results: Micro-variables with a range of variability as low as 0.01-0.02 mag for periodic variables (V magnitudes 7-10) and 0.04 mag for irregular long-term variables are detected. In total 37 light variables are identified: 14 were previously unknown, and another 12 were listed as suspected variables. The light variability in the young associations in Sco-Cen is briefly discussed.  Conclusions: The ASAS database contains much more information on photometric variables than retrieved commonly.</subfield>
  </datafield>
  <datafield tag="245" ind1=" " ind2=" ">
    <subfield code="a">Detectability of micro-variables in the ASAS database</subfield>
  </datafield>
  <datafield tag="700" ind1=" " ind2=" ">
    <subfield code="a">Hensberge, H.</subfield>
  </datafield>
  <datafield tag="700" ind1=" " ind2=" ">
    <subfield code="a">Nitschelm, C.</subfield>
  </datafield>
  <datafield tag="773" ind1=" " ind2=" ">
    <subfield code="c">A47</subfield>
    <subfield code="p">Astronomy and Astrophysics</subfield>
    <subfield code="v">557</subfield>
    <subfield code="y">2013</subfield>
  </datafield>
  <datafield tag="856" ind1="4" ind2="2">
    <subfield code="a">http://esoads.eso.org/abs/2013A%26A...557A..47D</subfield>
  </datafield>
  <datafield tag="905" ind1=" " ind2=" ">
    <subfield code="a">published in</subfield>
  </datafield>
  <datafield tag="980" ind1=" " ind2=" ">
    <subfield code="a">REFERD</subfield>
  </datafield>
</record>
</collection>